Statistics for Top 15 Countries with Covid-19 Cases - 25 August 2021

Click here to take the quiz!

General Stats

  • This quiz has been taken 16 times
  • The average score is 15 of 26

Answer Stats

country% Correct
France
100%
Mexico
100%
Russia
100%
United States
100%
Brazil
93%
India
93%
Italy
93%
Spain
93%
United Kingdom
93%
Germany
87%
Indonesia
80%
Turkey
73%
Argentina
60%
Iran
60%
Netherlands
60%
Sweden
60%
Colombia
47%
Czechia
33%
Georgia
20%
Israel
20%
Slovenia
20%
Uruguay
20%
Panama
13%
Bahrain
7%
Estonia
7%
Lithuania
7%

Score Distribution

Percentile by Number Answered

Percent of People with Each Score

Your Score History

You have not taken this quiz